|
|
|
|
| LEADER |
00000nam0a2200000 4500 |
| 001 |
12223 |
| 005 |
20231101204822.0 |
| 010 |
|
|
|a 5842900025
|
| 035 |
|
|
|a (RuTPU)RU\TPU\book\12299
|
| 035 |
|
|
|a BOOK00012365
|
| 090 |
|
|
|a 12223
|
| 100 |
|
|
|a 20011209d1999 m y0rusy50 ca
|
| 101 |
0 |
|
|a rus
|
| 102 |
|
|
|a RU
|
| 105 |
|
|
|a a j 000zy
|
| 200 |
1 |
|
|a Сборник бизнес-планов с комментариями и рекомендациями
|e Учебно-практическое пособие
|f Под общей ред. В. М. Попова
|
| 210 |
|
|
|a Москва
|c КноРус
|d 1999
|
| 215 |
|
|
|a 384 с.
|c ил.
|
| 225 |
1 |
|
|a Книга менеджера
|
| 451 |
|
1 |
|0 (RuTPU)RU\TPU\book\24289
|y 5-296-00111-7
|t Сборник бизнес-планов с комментариями и рекомендациями
|f Российская Экономическая Академия им. Г. В. Плеханова; Под ред. В. М. Попова
|e 3-е изд., доп. и перераб.
|c М.
|n КноРус
|n Гном и Д
|d 2000
|p 360 с.
|s Книга менеджера
|
| 606 |
1 |
|
|a Предприятия
|x Планирование
|2 stltpush
|3 (RuTPU)RU\TPU\subj\36683
|9 57976
|
| 610 |
1 |
|
|a экономика
|
| 610 |
1 |
|
|a бизнес-план
|
| 610 |
1 |
|
|a предпринимательство
|
| 610 |
1 |
|
|a учебные пособия
|
| 610 |
1 |
|
|a бизнес
|
| 610 |
1 |
|
|a предприятия
|
| 686 |
|
|
|a У9(2)29я73
|v LBC/SL-A
|2 rubbk
|
| 702 |
|
1 |
|a Попов
|b В. М.
|g Вадим Михайлович
|4 340
|
| 801 |
|
0 |
|a RU
|b 63413507
|c 20011209
|g PSBO
|
| 801 |
|
2 |
|a RU
|b 63413507
|c 20211028
|g PSBO
|
| 942 |
|
|
|c BK
|